000 00808nam a2200217Ii 4500
003 JO-AjNU
008 230605s9999||||xx |||||||||||||| ||und||
017 _a94/11819
020 _a977-257-223-0-X
040 _aJO-AjNU
_bara
_erda
_cJO-AjNU
041 _aara
050 1 4 _aBP170.85.G43 1985
100 3 _aغيطاس، حسني محمد ابراهيم,
_eauthor
_914875
245 0 0 _aالدعوة الإسلامية في عهد أمير المؤمنين عمر بن الخطاب رضي الله عنه
264 3 1 _aد.م: الزهراء للاعلام العربي، 1985
300 _a319ص
336 _atext
_btxt
_2rdacontent
337 _aunmediated
_bn
_2rdamedia
338 _avolume
_bnc
_2rdacarrier
650 4 _aالدعوة الاسلاميه- تاريخ- عصر صدر الاسلام
_914876
999 _aA4070
_c7638
_d7638